000 00320nam a2200145Ia 4500
008 150201s2009 xx 000 0 und d
082 _a617
_bM09S
100 _aSHENOY, K.R.
245 _aMANUAL OF SURGERY
250 _a2ND
260 _bCBS
_aDELHI
_c2009
300 _a1-827
650 _aSURGERY
942 _2ddc
_cBK
_018
999 _c213
_d213